Liverpool Buteur - Statistiques

Statistiques générales
  • Ce quiz a été pris 164 fois
  • Le résultat moyen est 5 sur 25
Statistiques - réponses
Nb Buts Joueur Top % Correct
185 Steven Gerrard 3
83%
155 Mohamed Salah 7
58%
119 Sadio Mane 8
52%
81 Fernando Torres 15
49%
336 Ian Rush 1
42%
98 Roberto Firmino 10
42%
82 Luis Suarez 14
40%
157 Michael Owen 6
37%
68 Daniel Sturridge 21
19%
182 Robbie Fowler 4
16%
71 Dirk Kuyt 18
12%
95 Kevin Keegan 12
10%
161 Sir Kenny Dalglish 5
9%
107 John Barnes 9
7%
195 Roger Hunt 2
6%
67 Ray Kennedy 22
4%
63 John Aldridge 24
3%
80 Terry McDermott 16
3%
63 Ian Callaghan 25
2%
96 Ian Saint-John 11
2%
92 John Toshack 13
2%
66 Steve McManaman 23
2%
73 David Johnson 17
1%
69 Ronnie Whelan 20
1%
70 Steve Heighway 19
1%
Aucun quiz correspondant
Distribution des résultats
% des personnes avec chaque résultat
Percentile par nombre de réponses
Votre historique - résultats
Vous n’avez pas pris ce quiz